[Event "Poikovsky Karpov 09th"]
[Site "Poikovsky"]
[Date "2008.07.12"]
[Round "5"]
[White "Wang, Hao"]
[Black "Rublevsky, Sergei"]
[Result "0-1"]
[WhiteElo "2691"]
[BlackElo "2699"]
[Annotator "Ftacnik,L"]
[PlyCount "67"]
[EventDate "2008.07.08"]
[EventType "tourn"]
[EventRounds "9"]
[EventCountry "RUS"]
[EventCategory "18"]
[SourceTitle "CBM 125"]
[Source "ChessBase"]
[SourceDate "2008.07.30"]
[SourceVersion "1"]
[SourceVersionDate "2008.07.30"]
[SourceQuality "1"]

1. d4 d5 2. c4 dxc4 3. Nf3 e6 4. e3 c5 5. Bxc4 a6 6. O-O Nf6 7. Bb3 b5 8. a4 b4
9. e4 Bb7 (9... Nxe4 10. d5 $36) 10. e5 Ne4 11. Nbd2 Nxd2 12. Bxd2 cxd4 13. Ng5
{White has every reason to start conflict, as his huge lead in development
makes Black's defence a delicate task.} (13. Bg5 Be7 14. Bxe7 Qxe7 15. Nxd4 Nd7
16. Qg4 Nc5 17. Bc2 O-O-O 18. Rac1 Kb8 19. Rfd1 h5 20. Qf4 g5 21. Qe3 $14 {
1-0 Bocharov,D (2602)-Vallejo Pons,F (2679)/Moscow 2007 (56)}) 13... Nd7 (13...
Be7 14. Qh5 Bxg5 (14... g6 15. Qh6 Bf8 16. Qh3 $14) 15. Bxg5 Qd7 16. f4 O-O 17.
Rae1 d3 18. f5 Qd4+ 19. Rf2 Nd7 20. f6 gxf6 21. exf6 $11 {1-0 Moiseenko,A 
(2643)-Kuzubov,Y (2606)/Moscow 2008 (41)}) (13... Bd5 14. Rc1 Nc6 15. Bxd5 Qxd5
16. Qf3 Qxf3 17. Nxf3 Kd7 18. Rfd1 Rc8 19. Be1 Ne7 20. Rxc8 Kxc8 21. Rc1+ (21.
Rxd4 Nd5 22. Ng5 $14) 21... Kb7 22. Ng5 Nc6 23. Nxf7 $14 {1/2 Ramirez,A (2531)
-Ganguly,S (2631)/Philadelphia 2008 (32)}) 14. f4 $5 {[%mdl 4] Wang Hao comes
up with a novelty connected with a very dangerous plan. The advance of the
f-pawn will escalate the conflict in no time.} (14. Rc1 Nc5 15. Bc4 h6 16. Qh5
g6 17. Qh3 Be7 18. Nf3 Ne4 19. Rfd1 Nxd2 20. Rxd2 Bg5 21. Nxg5 Qxg5 22. Rcd1
O-O-O $11 {0-1 Dunis,A (2462)-Zhang Pengxiang (2560)/Cannes 2005 (59)}) 14...
Nc5 15. f5 Nxb3 16. Qxb3 Qd5 (16... Bd5 17. Qh3 exf5 18. Qxf5 g6 (18... Qd7 19.
e6 $1 fxe6 20. Nxe6 Bxe6 21. Rae1 O-O-O 22. Rxe6) 19. Qf2 Qe7 20. Rae1 $14) 17.
Qg3 $1 {Also very dangerous for the defender would be the queen move to the
edge of the board with more direct pressure against the e6-pawn.} (17. Qh3 $5
h6 18. Rf2 (18. fxe6 hxg5 19. exf7+ Kd8 20. Bxg5+ Kc7 21. Qg3 $13) 18... exf5
19. e6 $1 hxg5 (19... fxe6 20. Nxe6 Qxe6 21. Re1 Be4 (21... Qxe1+ 22. Bxe1
O-O-O (22... Be4 23. Rxf5 $1 Bxf5 24. Qxf5 $16) 23. Rxf5 Kb8 24. Rf7 $16) 22.
Rxf5 Bd6 (22... O-O-O 23. Rc5+ Kd7 24. Rc7+ $18) (22... Be7 23. Rf8+ Kd7 24.
Qxe6+ Kxe6 25. Rxe4+ Kd7 26. Rf7 $18) 23. Qg4 O-O-O 24. Rxe4 Qd7 25. Rxd4 $1
Bxh2+ 26. Kxh2 Qxd4 27. Rf4+ $1 (27. Rc5+ Kb7 28. Qf3+ Kb6 $13) 27... Qd7 28.
Rc4+ Kb7 29. Rxb4+ Ka8 30. Qc4 $1 $18) 20. Qxh8 fxe6 (20... O-O-O 21. Bxg5 $16)
21. Qh5+ Kd8 22. Bxg5+ Kc7 23. Qf7+ $14) 17... h6 18. Nxf7 $5 {Objectively
this move may not promise serious advantage, but it fits nicely with White's
concept.} (18. fxe6 hxg5 19. exf7+ Kd7 20. Rac1 $1 Bc6 21. Bxg5 d3 $5 $13)
18... Kxf7 19. fxe6+ Kg8 (19... Kxe6 $2 20. Qg4+ Ke7 21. Bxb4+ Kd8 22. Bxf8 $18
) (19... Ke8 20. Qg6+ Kd8 21. Rf7 $16) 20. Rf7 Re8 $2 {The ever elusive task
of proper defence is beyond the capacity of even the best players. Black had
many moves, but only two of them seem to have promised fair chances for
equality.} (20... Bc8 $2 21. Rxf8+ Kxf8 22. Rf1+ (22. Qf2+ Kg8 23. Qf7+ Kh7 24.
Qf5+ Kg8 $11) 22... Kg8 (22... Ke8 23. Qxg7 $18) 23. Rf7 g5 24. Rf8+ $1 Kxf8 (
24... Kg7 25. Bxg5 $1 hxg5 26. Rf7+ Kg6 27. Rf6+ Kh7 28. Qd3+ $18) 25. Qf2+ Ke8
26. Qf7+ Kd8 27. e7+ $18) (20... Rh7 $5 21. Rd7 (21. Raf1 g5 22. Rxh7 Kxh7 23.
Rf7+ Bg7 24. Bxg5 Qxe6 25. Re7 Qg6 26. Bf6 Qb1+ 27. Kf2 Qxb2+ 28. Ke1 Qb1+ $11)
21... Qxe6 (21... Qc6 22. Rc1 $14) (21... Qe4 22. e7 Bxe7 23. Rxe7 g5 $14) 22.
Rxb7 g6 $11) (20... Qxe6 21. Rxb7 Qc6 22. Qb3+ Kh7 23. Qf7 $16) (20... d3 21.
Rd7 Qxe6 22. Rxb7 Qc6 23. Qf3 Bc5+ 24. Kh1 Qxf3 25. gxf3 Kh7 26. Bxb4 Bxb4 27.
Rxb4 Rab8 $11) 21. Raf1 (21. Rd7 Qxe6 (21... Qxg2+ 22. Qxg2 Bxg2 23. Kxg2 Rxe6
24. Re1 $14) 22. Rxb7 Qxe5 23. Qb3+ Qe6 24. Qd3 $14) (21. Bxb4 $2 Qxg2+ 22.
Qxg2 Bxg2 23. Rxf8+ Rxf8 24. Bxf8 Kxf8 25. Kxg2 Ke7 $11) 21... g5 (21... a5 22.
Rd7 Qxg2+ 23. Qxg2 Bxg2 24. Kxg2 $16) (21... d3 $5 22. R1f2 Qe4 23. e7 Rxe7 24.
Rxf8+ Kh7 25. R2f7 Rxf7 26. Rxf7 Rg8 27. Rd7 $14) 22. Rxf8+ $2 {The Chinese
player is losing patience at the moment, when the black position is hanging by
a thread. Two preparatory moves could have forced a transposition into a
favourable endgame.} (22. Bxg5 $2 Qxg2+ $1 23. Qxg2 Bxg2 $19) (22. Qf2 Qxg2+ (
22... Be7 $2 23. Rg7+ Kxg7 24. Qf7#) 23. Qxg2 Bxg2 24. Kxg2 Rh7 25. R1f6 Be7
26. Rg6+ Kh8 27. Kf3 $16) (22. R1f5 $5 Qxg2+ (22... Be7 23. Bxb4 $1 Bxb4 24.
Rxg5+ $18) (22... Rh7 23. Bxb4 Bxb4 24. Rxg5+ Kh8 25. Rgg7 Qe4 26. Rxh7+ Qxh7
27. Rxh7+ Kxh7 28. Qd3+ Kg7 29. Qxd4 $16) 23. Qxg2 Bxg2 24. Kxg2 Rh7 25. Kf3
$16) (22. R1f2 Rh7 23. Bxg5 (23. Qg4 $2 Qe4 24. Qh5 Bc6 $19) 23... hxg5 24.
Rxh7 Kxh7 25. Rf7+ Kg6 26. Rf6+ Kh7 27. Rf7+ $11) 22... Rxf8 23. Rxf8+ Kxf8 (
23... Kg7 $2 24. Bxg5 $18) 24. Qf2+ Ke8 25. Qf7+ Kd8 26. e7+ Kc8 27. Qf8+ $4 {
Frustrated by the failure of his great home preparation Wang Hao loses his
nerve and throws away the draw.} (27. e8=Q+ Rxe8 28. Qxe8+ Kc7 29. Qe7+ Kb6 30.
Qd6+ Qxd6 31. exd6 a5 32. h4 $11) 27... Kc7 28. e8=N+ Kb6 29. Qd6+ (29. Qxb4+
$2 Ka7 $19) 29... Qxd6 30. Nxd6 a5 {White could have resigned as he simnply
does not have any compensation for the missing exchange.} 31. Nf7 (31. e6 Bc6
32. e7 Kc5 $19) 31... Re8 32. Nd6 Re6 33. h4 Bd5 34. hxg5 (34. hxg5 hxg5 35.
Bxg5 Rg6 36. Bd8+ Kc5 $19) 0-1

[Event "Dortmund SuperGM 25th"]
[Site "Dortmund"]
[Date "1997.07.13"]
[Round "9"]
[White "Gelfand, Boris"]
[Black "Huebner, Robert"]
[Result "1/2-1/2"]
[WhiteElo "2695"]
[BlackElo "2580"]
[Annotator "Gelfand,B"]
[PlyCount "55"]
[EventDate "1997.07.04"]
[EventType "tourn"]
[EventRounds "9"]
[EventCountry "GER"]
[EventCategory "18"]
[SourceTitle "CBM 060"]
[Source "ChessBase"]
[SourceDate "1997.09.29"]
[SourceVersion "1"]
[SourceVersionDate "1997.09.29"]
[SourceQuality "1"]

1. d4 d5 2. Nf3 e6 3. c4 dxc4 4. e3 Nf6 5. Bxc4 c5 6. O-O a6 7. Bd3 cxd4 8.
exd4 Be7 9. Ne5 Nc6 10. Nxc6 bxc6 11. Be3 O-O 12. Qc2 Qc7 13. Nd2 g6 $5 $146 (
13... h6) 14. Rac1 Bb7 (14... Bd7 {-similiar to Gelfand-Anand,97,Linares}) 15.
Ne4 Nd5 (15... Ng4 16. g3 Nxe3 17. fxe3 $16) 16. a3 a5 17. Rfd1 (17. Qe2 $5)
17... Rfb8 (17... Ba6 18. Qxc6 Qxc6 19. Rxc6 Bxd3 20. Rxd3 Rfc8 21. Rxc8+ Rxc8
22. Bh6 f5 23. Nc5 Bxc5 24. dxc5 Rxc5 25. Rb3 $16) 18. Bc4 Nxe3 (18... Ba6 19.
Bxd5 $5 (19. Ba2) 19... exd5 20. Nc5 Bd6 21. h3 Bc8 22. Qd2 Bf5 $14) 19. fxe3
Ba6 20. Ba2 Rb5 $1 $132 21. Nc3 (21. d5 exd5 22. Bxd5 (22. Nc3 Bg5 $1) 22...
Qb6 (22... Rd8 23. Bc4 (23. Qxc6 Qxc6 $11) 23... Rxd1+ 24. Rxd1 Rb6 25. Rf1 $14
) 23. Qxc6 Qxe3+ 24. Kh1 Rc8) 21... Rh5 22. g3 Rb8 23. Qf2 (23. Qg2 $5) 23...
Qb7 24. Rd2 c5 (24... Rf5 25. Qg2 Bg5 26. Re1 Bf1 27. Qe4 Bh3 28. Bc4 $1) 25.
d5 Rf5 26. Qg2 (26. Qe1 Rf1+ 27. Qxf1 Bxf1 28. Rxf1 c4 $5 (28... Rd8 29. Rdf2
Bg5)) 26... Bg5 27. Re1 exd5 28. Nxd5 (28. Bxd5 Qe7 $17) (28. Nxd5 Re8 $1 (
28... c4 $2 29. h4 Rd8 30. Bxc4 $1) 29. h4 Bd8 30. Bc4 Kg7 $15) 1/2-1/2

[Event "Astana"]
[Site "Astana"]
[Date "2001.05.22"]
[Round "3"]
[White "Gelfand, Boris"]
[Black "Sadvakasov, Darmen"]
[Result "1-0"]
[WhiteElo "2712"]
[BlackElo "2585"]
[Annotator "Gelfand,B"]
[PlyCount "79"]
[EventDate "2001.05.20"]
[EventType "tourn"]
[EventRounds "10"]
[EventCountry "KAZ"]
[EventCategory "20"]
[SourceTitle "CBM 084"]
[Source "ChessBase"]
[SourceDate "2001.09.13"]
[SourceVersion "1"]
[SourceVersionDate "2001.09.13"]
[SourceQuality "1"]

1. d4 d5 2. c4 dxc4 3. Nf3 Nf6 4. e3 e6 5. Bxc4 c5 6. O-O a6 7. Bb3 cxd4 8.
exd4 Nc6 9. Nc3 Be7 10. Re1 O-O 11. a3 b5 12. d5 exd5 13. Nxd5 Nxd5 14. Bxd5
Bb7 15. Bf4 Bf6 16. Re2 Na5 17. Rd2 Bxd5 18. Rxd5 Qc8 19. Be5 (19. Ne5 Nc4 $1 (
19... Qf5 $6 20. Bg3 Rfd8 21. Nd7 Qe6 22. Bc7 $18) (19... Bxe5 20. Bxe5 $14)
20. Nd7 $140 $6 (20. Rc1 Qf5) 20... Bxb2 $1) 19... Bxe5 20. Nxe5 Qe6 21. Rc1 $6
(21. b4 $142 Nb7 (21... Nc6 22. Nd7 $14) 22. Qd4 $14 {Matros,A-Hjelm,,Sweden,
2000}) 21... h6 $1 $11 (21... Rac8 22. Rxc8 Qxc8 23. b4 $140 Nc4 24. Rc5 Qd8)
22. f4 $6 (22. h3 Rac8 $1 23. Rxc8 Rxc8 24. Rd8+ (24. Nxf7 $6 Kxf7 25. Rd7+ Kf8
(25... Ke8 26. Rxg7 Nc6 27. Qh5+ Kf8 28. Rh7 Ne7 29. Rxh6 $13) (25... Kg8 26.
Rd8+ Kh7 27. Qd3+ g6 28. Rd7+ Kg8 29. Qd4 $18) 26. Rd8+ Ke7 (26... Kf7 27. Qf3+
Kg6 28. Qg3+ $18) 27. Rxc8 Qxc8 28. Qe1+ Kf7 29. Qxa5 Qc1+ $11) 24... Rxd8 25.
Qxd8+ Kh7 26. Nd7 Qe1+ 27. Kh2 Qxf2 $1 28. Nf8+ Kg8 29. Ng6+ Kh7 30. Ne7 Qf4+
31. Kg1 Qe3+ $11) (22. b4 Rac8 $1 $11) 22... Nc4 $1 23. Nxc4 bxc4 24. Rxc4 Rab8
$1 25. Rc2 (25. Qd2 $2 Rxb2 $18) 25... Qe3+ 26. Kh1 Rfe8 (26... Qxf4 27. b4
Rfe8 28. Qc1 $11) 27. g3 (27. Re5 Qxf4 28. Rxe8+ Rxe8 29. Rd2 $11) 27... Qe4+
28. Kg1 Rb3 $1 29. Rd4 $1 (29. Rd8 Rxd8 30. Qxd8+ Kh7 $40) 29... Qe6 (29...
Qe3+ 30. Kf1 (30. Kg2 h5 31. Rcd2 h4 32. Rd8)) (29... Qb7 30. Re2 Rxe2 31. Qxe2
Rxb2 (31... Qb6 32. Qe8+ Kh7 33. Qe4+ g6 34. Qd5) 32. Qe8+ Kh7 33. Qe4+ $11)
30. Rf2 Re3 (30... Qb6 $11) 31. Kg2 f5 $2 (31... Re2 32. Rxe2 Qxe2+ 33. Qxe2
Rxe2+ 34. Kh3 Rxb2 35. Rd6 f5 36. Rxa6 Kf7 $11) (31... Qc6+ 32. Kh3 $1) 32. Rd6
Qe4+ 33. Kh3 Re6 34. Qd5 (34. Rd4 Qb7 35. Rd7 Qe4 $16) 34... Kh7 35. Qxe4 R3xe4
36. Rxe6 $2 (36. Rd5 $1 Kg6 37. Rc2 Re2 38. Rxe2 Rxe2 39. b4 $16) (36. Rfd2
Rxd6 (36... Re2 37. Rxe6 Rxe6 (37... Rxd2 38. b4) 38. Rd5) 37. Rxd6 Re2 38. b4
g5 (38... a5 39. bxa5 g5 40. fxg5 hxg5 41. a6 Re4 (41... Ra2 42. Rd3 Kg6 43. g4
) 42. Rf6 $18) 39. fxg5 hxg5 40. Rxa6 Rb2 41. Rf6 $18) 36... Rxe6 37. Rc2 g5
$11 38. Kg2 Re3 (38... gxf4 39. gxf4 Re3) 39. fxg5 hxg5 40. Rc5 $138 (40. Rc5
Kg6 $11) 1-0

[Event "Tel Aviv super 1st"]
[Site "Tel Aviv"]
[Date "1999.05.17"]
[Round "7"]
[White "Gelfand, Boris"]
[Black "Huzman, Alexander"]
[Result "1-0"]
[WhiteElo "2690"]
[BlackElo "2575"]
[Annotator "Gelfand,B"]
[PlyCount "77"]
[EventDate "1999.05.11"]
[EventType "tourn"]
[EventRounds "9"]
[EventCountry "ISR"]
[EventCategory "14"]
[SourceTitle "CBM 071"]
[Source "ChessBase"]
[SourceDate "1999.08.01"]
[SourceVersion "1"]
[SourceVersionDate "1999.08.01"]
[SourceQuality "1"]

{Tyomkin: 'There is the game between Boris Gelfand and his second - Alexander
Huzman. In my opinion the psychological aspect was the reason of some mistakes
of both players in this game.'} 1. d4 {Tyomkin,D} d5 2. Nf3 e6 3. c4 dxc4 4. e3
a6 5. Bxc4 c5 6. O-O Nf6 7. a4 Nc6 8. Qe2 Qc7 9. Nc3 Bd6 10. Bd2 O-O 11. Rac1 (
11. Rfd1 $5) 11... b6 12. Bd3 (12. d5 exd5 13. Nxd5 Nxd5 14. Bxd5 Bb7 15. Bc3
Nd4) (12. h3 {Tyomkin,D} Bb7 13. Rfd1 h6 14. Ba2 Rac8 15. dxc5 bxc5 $5 16. e4
Rfd8 17. Be3 Bf4 18. Rxd8+ Rxd8 19. e5 Bxe5 20. Bxc5 Nd4 $15 {0-1 Rodriguez,
O-De La Villa,J/Spain tch 1994 (42)}) 12... Bb7 13. Ne4 {'!' Tyomkin,D. 
Tyomkin,D: 'Typical idea.Rc1 and Bd3 become more powerful.Bd2 gets a square
on-c3.'} (13. h3 $143 {Tyomkin,D} Rfd8 14. dxc5 Bxc5 15. Ne4 Nxe4 16. Bxe4 Qe7
17. Bc3 Nb4 {1/2-1/2 Cvitan,O-Mikhalchishin,A/Zenica ,EXT 1989 (17)}) 13...
Nxe4 14. Bxe4 Qe7 15. dxc5 Bxc5 (15... bxc5 16. Bc3 $14) 16. Bc3 Rac8 (16... h6
17. Rfd1 Rfd8 18. Nd2) (16... a5 {Tyomkin,D} 17. Rfd1 Rfd8 18. Rxd8+ Rxd8 19.
Rd1 Rxd1+ 20. Qxd1 {1/2-1/2 Shurygin,S-Estrada Nieto,J/Budapest 1995/EXT 97 
(20)}) 17. Rfd1 Rfd8 18. h3 (18. Rxd8+ $5 Rxd8 19. Nd2) 18... h6 19. Nd2 {
Tyomkin,D: 'This position is even, but black has to play carefully.'} a5 (19...
Nb4 20. Bxb7 Qxb7 21. Qg4 f5 22. Qc4 Nd5 23. Qb3 $14) (19... Bb4 20. Nc4 (20.
g3 $5) (20. g3 Bxc3 21. Rxc3 Qb4 $132) 20... Qc7 $1 {Tyomkin,D: 'This move 
(found by Alik Gershon) brings an equality for black.The idea is getting clear
in few moves.'} (20... Bxc3 21. Rxc3 (21. Nxb6 Ba5 22. Nxc8 Rxc8 23. Bxc6 Rxc6
24. Rxc6 Bxc6 25. Qxa6 $14)) 21. Rxd8+ Rxd8 22. Qc2 Bxc3 23. Qxc3 b5 24. axb5
axb5 25. Nd2 Qe5 $1 {'=!' Tyomkin,D. Tyomkin,D: 'That is the point! White
isforced to change queens, getting drawn ending.'} 26. Qxe5 Nxe5 27. Bxb7 Rxd2
$11) 20. Nc4 f5 $6 {[%mdl 16384] Tyomkin,D: 'This strategical mistake is not
usual for positional player like Huzman. It creates weakness of pawn-e6 and
e5-square. '} (20... Ba6 21. Rxd8+ (21. Bxc6 Rxd1+ (21... Rxc6 22. Qg4 $36) 22.
Rxd1 Rxc6 23. Qg4 f6 $1 $11 (23... f5 24. Qf4 $14 {[%csl Re5] xe5})) 21... Qxd8
(21... Nxd8 {Tyomkin,D} 22. Bd3 (22. b3 Qh4 $5) 22... Bb7 (22... Nc6 23. Nxb6
$5 (23. Qg4 $14) 23... Bxd3 24. Nxc8 (24. Qg4 f5 25. Nxc8 fxg4 26. Nxe7+ Bxe7
27. hxg4 {This ending is better for white,but the main line looks better
solution.}) 24... Bxe2 25. Nxe7+ Bxe7 26. Bd2 {and white is going to win
another pawn.}) 23. Qg4 f6 $5 24. Qg6 $140 Nf7 {white looks better anyway.})
22. Rd1 Qe7 23. b3 $14) 21. Rxd8+ Rxd8 {'?!' Tyomkin,D. Tyomkin,D: 'Again not
the best blacks solution. The right strategy for black in this position is to
exchange pieces. Even here black was close to equality.'} (21... Qxd8 $142 22.
Bf3 Ba6 23. b3 $14) (21... Nxd8 {Tyomkin,D} 22. Bxb7 Qxb7 (22... Nxb7 23. Be5 {
[%csl Rb6,Rb7,Yd6] White has a large choice of continuations,but this one
looks the best.It increases pressure on d6-square.b6-pawn and Nb7 are blacks
weaknesses.} (23. Ne5 Nd6 (23... Bd6 $5) 24. Rd1 Ne4 $13) (23. Qc2 Nd6 24. Ne5
Ne4 25. Qb3 Bb4) (23. e4 $5 fxe4 24. Qxe4 Rf8 25. Rc2 Qf7 $11) (23. Rd1 Rd8 (
23... Nd6)) 23... Bd6 $1 24. Bd4 $1 $14 {[%csl Rb6][%cal Gc1d1]} (24. Rd1 $140
Rxc4 $1)) 23. Ne5 (23. b3 $5 {[%cal Ge2b2,Yb2c3] /\Qb2}) (23. Rd1 {[%cal Gc4d6]
/\Nd6} Nf7 $1 (23... Nc6 24. Nd6 Bxd6 25. Rxd6 Qe7 {[%cal Yc8c7] /\Rc7} 26. Qd2
$16) 24. Qh5 (24. Ne5 Nxe5 25. Bxe5 Qc6 26. b3 Bf8 $132) 24... Kh7 $11) 23...
Bd6 24. Qb5 $14 Nf7 $140 25. Nc4 {[%csl Rb6][%cal Rc4a5]}) 22. Bf3 {'+/-'
Tyomkin,D. Tyomkin,D: 'The whites advantage becomes stable from this moment of
the game.'} Rc8 {Tyomkin,D: '/\Ba6'} (22... Qd7 {Tyomkin,D} 23. Qc2 $1 {
[%csl Rb6][%cal Gc2b3] /\Qb3}) 23. Qd1 $16 {[%mdl 2080] x Kg8 '!' Tyomkin,D.
Tyomkin,D: 'White transfers the queen to b3 intending to increase pressure
over blacks weaknesses b6 and e6. This monouevre simply destroys blacks
defense.'} Ba6 24. Qb3 Nb4 (24... Qc7 {Tyomkin,D There are two ways which wins
for white on tactic:} 25. Nxb6 $1 {[%csl Re6]} (25. Ne5 $2 Nxe5 (25... Nd8 26.
Rd1) 26. Qxe6+ Nf7 27. Rd1 Qe7 28. Qxf5 Qg5) (25. Rd1 $16) (25. Nxa5 $1 {
[%csl Re6]} bxa5 (25... Nxa5 26. Qxe6+ Kh7 27. Bxa5 $18) 26. Qxe6+ Qf7 (26...
Kh8 27. Qxh6+ $18) 27. Bd5 $1 $18 {[%csl Rc8]}) 25... Bxb6 (25... Qxb6 26.
Qxe6+ Kf8 (26... Kh7 27. Qxf5+ Kg8 28. Bd5+ Kh8 29. Qf7 $18) 27. Qxf5+ Ke7 28.
Bxg7 $18) 26. Qxe6+ Kh7 27. Bxa5 $1 (27. Rd1 $5 {[%cal Rd1d7] /\Rd7}) 27... Nd4
28. Rxc7 Nxe6 29. Rxc8 Bxa5 30. Rc6 Nc7 31. b4 $18) (24... Bxc4 $142 {Tyomkin,D
} 25. Qxc4 Nb4 26. Rd1 $16 {[%csl Gc3,Gf3]}) 25. Rd1 Rc7 (25... f4 26. Bxb4
axb4 27. Ne5 fxe3 28. fxe3) 26. Ne5 Qe8 27. Rd2 $2 {Tyomkin,D: 'Suddenly white
is missing forced win in this position:'} (27. Bh5 $1 Qc8 (27... Qxh5 28. Qxe6+
Kh7 29. Rd8 {'+-' Tyomkin,D.}) 28. Rd7 $18 {'+-!' Tyomkin,D.}) 27... Qc8 {
'?' Tyomkin,D. Tyomkin,D: 'Gelfand gives black a chance,but Huzman doesn't use
it:'} (27... Bb7 {Tyomkin,D} 28. Bxb7 (28. Bh5 $2 Qxh5 29. Qxe6+ Kh7 30. Rd8
Bd5 $1 {[%cal Yd5g8]}) 28... Rxb7 29. Qd1 Nc6 $1 {The best for white now is to
go to the ending:} (29... Nd5 $2 30. Rxd5) (29... Rb8 30. Nd7 $1 $18 {[%cal
Yd7c5,Rd2d7]}) (29... Be7 30. Rd7 Rxd7 31. Nxd7 $1 {[%cal Rd1d4] /\Qd4} (31.
Qxd7 $6 Qxd7 32. Nxd7 Nd5 33. Bd4 Bf6 $1) 31... Nd5 32. Nxb6 $1 $16) 30. Rd7
Rxd7 31. Qxd7 Qxd7 32. Nxd7 $16 {The game is coming to the ending where white
has a bishop against blacks knight.Fortunately for white,his king has a break
into the queenside.} Kf7 33. Kf1 g6 34. Ke2 Ke7 35. Nxc5 bxc5 36. Kd3 {[%csl
Ra5,Rc5][%cal Gd3c4,Gc4b5] /\Kc4-b5}) 28. Qd1 {Tyomkin,D: 'Again Gelfand
misses a straight win,but anyway he keeps a large advantage.'} (28. Rd7 $1 $18
{[%cal Rb3e6] Tyomkin,D}) 28... Be7 29. Bh5 Bf6 {Tyomkin,D: 'From now Boris
doesn't give black chances anymore.'} (29... Bg5 {Tyomkin,D} 30. Rd6 $16 Nd5
31. Rxd5 $1 exd5 32. Qxd5+ Kh8 33. Bg6 $1 $18 {[%cal Re5f7] /\Nf7}) (29... Nc6
{Tyomkin,D} 30. Nd7 $1 {[%cal Rd7b6,Rd1b3] /\Nb6,/\Qb3 Again black loses
because of e6 and b6-weaknesses.}) 30. Nd7 $1 $18 Bxc3 31. bxc3 Nd3 (31... Nd5
32. Nxb6) (31... g6 32. Nxb6) (31... Rxc3 {Tyomkin,D} 32. Nf6+ $1 {[%cal Rd2d8]
} gxf6 33. Rd8+ $18) 32. Ne5 {'!' Tyomkin,D.} Rxc3 (32... g6 33. Nxd3 gxh5 34.
Nf4) 33. Nxd3 g6 34. Be2 Kg7 35. Qa1 e5 36. Rd1 Kf6 37. Nf4 Bb7 38. Nd3 Qc7 39.
Bf1 1-0